Medzinárodné účtovné štandardy: Informujeme Vás. Vydanie predbežného návrhu Koncepčného rámca
V júli 2006 vydala americká Rada pre štandardy finančného účtovníctva (FASB) spolu s Radou pre medzinárodné účtovné štandardy (IASB) návrh prvých dvoch kapitol novely Koncepčného rámca (anglicky Conceptual Framework, česky Rámcová osnova). Dokument má význam pre bežné podniky a v podmienkach medziná...
Gespeichert in:
| 1. Verfasser: | |
|---|---|
| Format: | Buchkapitel |
| Sprache: | Slowakisch |
| Schlagworte: | |
| Tags: |
Keine Tags, Fügen Sie das erste Tag hinzu!
|
MARC
| LEADER | 00000nla$a2200000$$$4500 | ||
|---|---|---|---|
| 001 | 0048042 | ||
| 005 | 20240502071542.5 | ||
| 041 | 0 | |a slo | |
| 044 | |a SK | ||
| 245 | 1 | 0 | |a Medzinárodné účtovné štandardy: Informujeme Vás. Vydanie predbežného návrhu Koncepčného rámca |c Miloš Tumpach |
| 520 | |a V júli 2006 vydala americká Rada pre štandardy finančného účtovníctva (FASB) spolu s Radou pre medzinárodné účtovné štandardy (IASB) návrh prvých dvoch kapitol novely Koncepčného rámca (anglicky Conceptual Framework, česky Rámcová osnova). Dokument má význam pre bežné podniky a v podmienkach medzinárodných štandardov sa používa vtedy, ak pre nejakú oblasť ešte nebol vydaný štandard. | ||
| 610 | 2 | 0 | |a účtovníctvo medzinárodné |
| 610 | 2 | 0 | |a štandardy účtovné medzinárodné |
| 610 | 2 | 0 | |a závierka účtovná |
| 610 | 2 | 0 | |a informácie |
| 100 | 1 | |a Tumpach, Miloš, 1970- | |